| 000 | 01029nam a22002537a 4500 | ||
|---|---|---|---|
| 005 | 20240530110429.0 | ||
| 008 | 150329s2011 su d g 000 0aara d | ||
| 017 |
_a1430/8269 _bالسعودية . مكتبة الملك فهد |
||
| 020 | _a4922549960978 | ||
| 040 | _aEG-CaGPL | ||
| 082 | 0 | 4 |
_221 _a658.4052\ _bد ج |
| 100 | 1 | _aدونالدسون ، مايكل | |
| 245 | 1 | 2 |
_aالجرأة فى التفاوض : _bمنهج الامنية - والرغبة - وايقاف التفاوض للتوصل الى اتفاقات ناجحة / _cمايكل دونالدسون ؛ نقله الى العربية هيثم نشواتى |
| 250 | _aط1 | ||
| 260 |
_aالرياض : _bمكتبة العبيكان ، _c2011 |
||
| 300 |
_a234 ص : _bايض ؛ _c22 سم |
||
| 650 | 0 | 4 | _aالمفاوضات |
| 650 | 0 | 4 | _aالتنمية البشرية |
| 650 | 0 | 4 | _aالادارة |
| 650 | 0 | 4 | _aاتخاذ القرارات |
| 700 | 0 |
_aهيثم نشواتى _eمترجم |
|
| 942 |
_2ddc _cBK |
||
| 999 |
_c60802 _d60802 |
||